Southern warriors : (Record no. 45386)

MARC details
000 -LEADER
fixed length control field 00644nam a2200229 i 4500
001 - CONTROL NUMBER
control field C2-0144007
003 - CONTROL NUMBER IDENTIFIER
control field PPAK
005 - DATE AND TIME OF LATEST TRANSACTION
control field 20180727130243.0
008 - FIXED-LENGTH DATA ELEMENTS--GENERAL INFORMATION
fixed length control field 980120s1992 enka|||| ||||| | eng d
020 ## - INTERNATIONAL STANDARD BOOK NUMBER
International Standard Book Number 185532248X
040 ## - CATALOGING SOURCE
Original cataloging agency PPAK
Language of cataloging eng
Transcribing agency PPAK
Description conventions rda
082 04 - DEWEY DECIMAL CLASSIFICATION NUMBER
Classification number 623.746
Edition number 23
090 00 - LOCALLY ASSIGNED LC-TYPE CALL NUMBER (OCLC); LOCAL CALL NUMBER (RLIN)
Classification number (OCLC) (R) ; Classification number, CALL (RLIN) (NR) 623.746
Feature heading HAL
Feature heading R
100 1# - MAIN ENTRY--PERSONAL NAME
Personal name Hall, George,
Relator term author
245 10 - TITLE STATEMENT
Title Southern warriors :
Remainder of title defenders of the Mississippi delta
264 #1 - PRODUCTION, PUBLICATION, DISTRIBUTION, MANUFACTURE, AND COPYRIGHT NOTICE
Place of production, publication, distribution, manufacture London :
Name of producer, publisher, distributor, manufacturer Osprey ,
Date of production, publication, distribution, manufacture, or copyright notice 1992
300 ## - PHYSICAL DESCRIPTION
Extent 126 pages :
Other physical details colour illustrations ;
Dimensions 23 cm
336 ## - CONTENT TYPE
Source rdacontent
Content type term text
337 ## - MEDIA TYPE
Source rdamedia
Media type term unmediated
338 ## - CARRIER TYPE
Source rdacarrier
Carrier type term volume
942 ## - ADDED ENTRY ELEMENTS (KOHA)
-- dc
Koha item type Book
Holdings
Withdrawn Not for loan Current library Shelving location Date acquired Full call number Barcode Date last seen Koha item type
  Not For Loan Perpustakaan Alor Setar Rujukan Dewasa 20/01/1998 R 623.746 HAL A00106405 08/05/2018 Book
  Not For Loan Perpustakaan Awam Sungai Petani Rujukan Dewasa 03/02/1999 R 623.746 HAL A00424497 08/05/2018 Book
  Not For Loan Perpustakaan Jitra Rujukan Dewasa 31/03/2004 R 623.746 HAL A00847317 08/05/2018 Book
  Not For Loan Perpustakaan Langkawi Rujukan Dewasa 25/10/2005 R 623.746 HAL A00355727 08/05/2018 Book